Open Data Biblioteca Nacional de Portugal


República Portuguesa: Ministério da Cultura
Biblioteca Nacional de Portugal

Catálogo da BNP: acesso por Identificadores Unívocos
Registos Bibliográficos associados ao registo de autoridade

Etiqueta de registo: 00254nam 2200025 450
001 2275413
003 http://id.bnportugal.gov.pt/bib/catbnp/2275413
010 ## $a978-989-576-351-1
021 ## $aPT$b558190/25
100 ## $a20260304d2026 m y0pory01030103ba
101 1# $apor$ceng
102 ## $aPT
105 ## $aa z 000za
106 ## $ar
200 1# $aRefém$e491 dias nas mãos do Hamas$fEli Sharabi$gtrad. Maria José Batista
205 ## $a1ª ed
210 #9 $aLisboa$cGuerra & Paz,$d2026
215 ## $a203 p.$cil.$d23 cm
304 ## $aTít. orig.: Hostage
675 ## $a821.411.16(569.4)-94"20"$vBN$zpor$31995980
700 #1 $aSharabi,$bEli$31988757
702 #1 $aBatista,$bMaria José,$f1983-$4730$31846587
801 #0 $aPT$bBN$gRPC
856 41 $uhttp://rnod.bnportugal.gov.pt/ImagesBN/winlibimg.aspx?skey=&doc=2275413&img=221407&save=true
900 ## $aBIBNAC$d20260429
966 ## $lBN$mFGMON$sL. 181420 V.$x1
966 ## $lBN$mFGMON$sL. 181420 V.-D$x1
971 ## $cisantos$d20260304
972 ## $e0$z0$d20260429$vasantos
973 ## $ctrodrigues$d20260416

OpendataBNP@bnportugal.pt | Mais informação sobre acesso aos dados BNP